000 00786nam a2200205 4500
001 139540
003 ES-MaACL
005 20231205202557.0
007 t|
008 070214s1968 sp r ||||1| spa d
100 1 _aScheid, Werner.
_9104274
245 1 0 _aTratado de Neurología /
_cpor el Dr. Werner Scheid ; con la colaboración del Dr. H. H. Wieck... [et al.] ; [traducción del Dr. F. J. Morales Belda ; prólogo del prof. Juan José López Ibor].
260 _aMadrid :
_bAlhambra,
_c1968.
300 _aXXIII, 910 p. :
_bil. ;
_c25 cm.
700 1 _aMorales Belda, Francisco Javier.
_983018
700 1 _aWieck, Hans Heinrich.
_9116755
700 1 _aLópez Ibor, Juan José,
_d1906-1991
_973703
852 _aES-MaACL
_jC-35160
_bR.68031
999 _c139540
_d139540